| 000 | 01085nam0a22002771 4500 | ||
|---|---|---|---|
| 001 | rc\4858274 | ||
| 005 | 20260408045757.0 | ||
| 021 |
_aRU _bРг1328-58 |
||
| 035 | _a(NLR Aleph) 008817734 | ||
| 090 |
_a8202181 _c8202181 |
||
| 100 | _a20130426d1957 |||y0rusy50 ca | ||
| 101 | 0 | _arus | |
| 102 | _aRU | ||
| 105 | _ay z ||||| | ||
| 200 | 1 | _aТехнические условия и правила эксплуатации грузовой тележки грузоподъемностью 800 кг., изготовляемой механической мастерской Мосхладокомбината № 3 Главмясорыбторга | |
| 210 |
_a[Москва] _cБ. и. _d1957 |
||
| 215 |
_a4 с. _d20 |
||
| 300 | _aБез тит. л. и обл. | ||
| 300 | _aВ конце текста сост.: Г. Алексеев | ||
| 702 | 1 |
_aАлексеев _bГ. _4220 |
|
| 710 | 0 | 2 |
_a"Мосхладокомбинат" _c3 _3RU\NLR\AUTH\8810194628 _9278728 |
| 801 | 0 |
_aRU _bNLR _gpsbo |
|
| 801 | 1 |
_aRU _bELAR _2rusmarc |
|
| 852 |
_aNLR _j58-4/3547 |
||
| 942 | _cBOOK | ||
| 980 | _aNB | ||